Insurrección estudiantil: universitarios en las barricadas /
Na minha lista:
| Autor principal: | |
|---|---|
| Formato: | Texto |
| Tags: |
Adicionar Tag
Sem tags, seja o primeiro a adicionar uma tag!
|
MARC
| LEADER | 00000 a a2200000 04500 | ||
|---|---|---|---|
| 001 | 46006 | ||
| 003 | |||
| 040 | |||
| 100 | |a Cuadra, Scarlet | ||
| 245 | |a Insurrección estudiantil: |b universitarios en las barricadas / |c Scarlet Cuadra | ||
| 773 | |g volumen17, número409 ( , 1997), páginas 4-5 : fotos | ||
| 999 | |c 37523 |d 37523 | ||
